000 00338nam a2200133Ia 4500
008 240624s9999 xx 000 0 und d
041 _aeng
082 _a330.1 SHI
100 _aSHIOZAWA YOSHINORI
245 _aMICROFOUNDATIONS OF EVOLUTIONARY ECONOMI
260 _c2019
_aJapan
_bSpringer
300 _a346p. ;23cm.
365 _cERU
_b33
999 _c32707
_d32707